Compendium of partial differential equation models (Record no. 75226)

MARC details
000 -LEADER
fixed length control field 00638 a2200169 4500
005 - DATE AND TIME OF LATEST TRANSACTION
control field 20240830140831.0
008 - FIXED-LENGTH DATA ELEMENTS--GENERAL INFORMATION
fixed length control field 121006t xxu||||| |||| 00| 0 eng d
020 ## - INTERNATIONAL STANDARD BOOK NUMBER
International Standard Book Number 9780511576270
100 ## - MAIN ENTRY--PERSONAL NAME
Personal name Schiesser, William E
245 ## - TITLE STATEMENT
Title Compendium of partial differential equation models
Remainder of title method of lines analysis with Matlab
Statement of responsibility, etc William E. Schiesser and Graham W. Griffiths
260 ## - PUBLICATION, DISTRIBUTION, ETC. (IMPRINT)
Name of publisher, distributor, etc Cambridge University Press
Date of publication, distribution, etc 2009
Place of publication, distribution, etc Cambridge
653 ## - INDEX TERM--UNCONTROLLED
Uncontrolled term Numerical analysis
653 ## - INDEX TERM--UNCONTROLLED
Uncontrolled term Engineering mathematics and programming
700 ## - ADDED ENTRY--PERSONAL NAME
Personal name Griffiths, Graham W
856 ## - ELECTRONIC LOCATION AND ACCESS
Uniform Resource Identifier https://www.cambridge.org/core/search?q=9780511576270
942 ## - ADDED ENTRY ELEMENTS (KOHA)
item type E-books
Holdings
Lost status Source of classification or shelving scheme Not for loan Home library Current library Date acquired Cost, normal purchase price Total Checkouts Barcode Date last seen Cost, replacement price Price effective from Koha item type
  Universal Decimal Classification   University Library University Library 16/06/2012 0.00   EB000044 16/06/2012 0.00 16/06/2012 E-books
University Library, CUSAT